|
|
|
|
| LEADER |
00000nam0a2200000 4500 |
| 001 |
158424 |
| 005 |
20231031154420.0 |
| 035 |
|
|
|a (RuTPU)RU\TPU\book\171815
|
| 035 |
|
|
|a RU\TPU\book\140978
|
| 090 |
|
|
|a 158424
|
| 100 |
|
|
|a 20090423d1980 d y0rusy50 ca
|
| 101 |
1 |
|
|a rus
|c eng
|
| 102 |
|
|
|a RU
|
| 105 |
|
|
|a a z 000ay
|
| 200 |
1 |
|
|a Остров сокровищ
|e роман
|e пер. с англ.
|f Р. Л. Стивенсон
|g авт. послесл. И. Кашкин
|
| 210 |
|
|
|a Ижевск
|c Удмуртия
|d 1980
|
| 215 |
|
|
|a 266 с.
|
| 610 |
1 |
|
|a английская литература
|
| 610 |
1 |
|
|a романы
|
| 610 |
1 |
|
|a приключения
|
| 675 |
|
|
|a 82
|v 3
|
| 700 |
|
1 |
|a Стивенсон
|b Р. Л.
|g Роберт Льюис
|
| 702 |
|
1 |
|a Кашкин
|b И.
|4 075
|
| 801 |
|
1 |
|a RU
|b 63413507
|c 20080131
|g PSBO
|
| 801 |
|
2 |
|a RU
|b 63413507
|c 20090423
|g PSBO
|
| 942 |
|
|
|c BK
|